000 00440ntaaa2200181 4500
003 01
005 20251027202540.0
008 0714s1973 ag 01
040 _aAR-BaBN
_bspa
_cAR-BaBN
_eaacr
_dRIC
082 _a301.2000 C98s
100 _aCuvillier, Armand
_922215
245 _aSociologĂ­a de la cultura
250 _a1 ed.
260 _aBuenos Aires :
_bEl Ateneo,
_cc1971
300 _a260 p
650 _acultura
_92043
942 _cBK
999 _c20544
_d20544